| 000 | 00466nam a2200145Ia 4500 | ||
|---|---|---|---|
| 003 | OSt | ||
| 005 | 20260123113023.0 | ||
| 008 | 211028s2016 xx 000 0 und d | ||
| 040 | _cAIMIT LIBRARY | ||
| 041 | _aeng | ||
| 100 |
_aShaikh, Mohammed Shakeel; Kairanna, Sneha. _g1416085 _97506 |
||
| 245 | _aStudy on hydrogen mapping with reference towards Aditya Birla chemicals (India) limited Karwar / | ||
| 260 |
_aMangalore _bSneha Kairanna. _c2016 |
||
| 942 |
_2ddc _cPRO |
||
| 999 |
_c219074 _d219074 |
||